[Event "Indywidualne Mistrzostwa Polski Juniorow do lat 16 - Dziewczeta"]
[Site "Szklarska Poreba"]
[Date "1899-12-30"]
[Round "6.24"]
[White "Matyjasek, Michalina"]
[Black "Szewczyk, Malwina"]
[Result "1-0"]
[WhiteTitle "I"]
[BlackTitle "I"]
[WhiteElo "1342"]
[BlackElo "1413"]

1. c4 c5 2. g3 Nf6 3. Bg2 d5 4. cxd5 Nxd5 5. d3 Nc6 6. Bd2 Nc7 7. Nc3 e5 8. Nf3
Be7 9. O-O Bd7 10. Rb1 O-O 11. a3 h5 12. Ne4 Ne6 13. Bc3 f6 14. b4 Rb8 15. bxc5
Nxc5 16. Nxc5 Bxc5 17. Rb5 Qe7 18. Nh4 Kh7 19. Qb1 Bxa3 20. Rxb7 Rxb7 21. Qxb7
Rb8 22. Be4+ Kg8 23. Qa6 Rb6 24. Qa4 Nd4 25. Qd1 f5 26. Bd5+ Be6 27. Bxd4 exd4
28. Nxf5 Qf6 29. Bxe6+ Rxe6 30. Nh4 Kh7 31. e3 g6 32. Qa4 Bc5 33. e4 Kh6 34. Kg2
Bb6 35. Nf3 Qd8 36. Rc1 Qe8 37. Qc4 Qd7 38. Rb1 a5 39. Ra1 Qc6 40. Ra4 Qxc4 41.
Rxc4 Rd6 42. Ra4 Kg7 43. Ne5 Bc7 44. f4 Re6 45. Nf3 Bb6 46. e5 Re7 47. Nxd4 Rd7
48. Ne6+ Kf7 49. Ng5+ Ke7 50. Ra3 Ra7 51. Kf3 a4 52. Ke4 Bc5 53. Ra2 a3 54. h3
Rb7 55. Nf3 Rb2 56. Rxb2 axb2 57. Nd2 Bf2 58. g4 hxg4 59. hxg4 Bg3 60. f5 gxf5+
61. gxf5 1-0

[Event "Indywidualne Mistrzostwa Polski Juniorow do lat 16 - Dziewczeta"]
[Site "Szklarska Poreba"]
[Date "1899-12-30"]
[Round "7.1"]
[White "Malicka, Maria"]
[Black "Waszczuk, Patrycja"]
[Result "0-1"]
[WhiteTitle "WCM"]
[BlackTitle "k++"]
[WhiteElo "2199"]
[BlackElo "2034"]

1. e4 c5 2. Nf3 d6 3. d4 cxd4 4. Nxd4 Nf6 5. Nc3 a6 6. Bg5 e6 7. f4 h6 8. Bh4 Qb6
9. a3 Be7 10. Bf2 Qc7 11. Qf3 Nbd7 12. O-O-O b5 13. g4 Bb7 14. Bg2 g5 15. Qh3
O-O-O 16. f5 e5 17. Nb3 h5 18. gxh5 Nxh5 19. Qe3 Nf4 20. Bf3 Nf6 21. Nd5 Bxd5
22. exd5 g4 23. Be4 Nh3 24. Bg1 Nxd5 25. Qa7 Qxa7 26. Bxa7 Bg5+ 27. Kb1 Nf6 28.
Bc6 Kc7 29. Na5 d5 30. b4 d4 31. Rde1 Bf4 32. Bc5 Nd5 33. Bb7 Rh6 34. Kb2 Ne3
35. Re2 Nxf5 36. Be4 Ne3 37. c3 f5 38. cxd4 fxe4 39. dxe5 Bxe5+ 40. Kb1 Nd5 41.
Rc2 Kb8 42. Re1 Nc3+ 43. Kc1 Nf4 44. Re3 Nd3+ 0-1

[Event "Indywidualne Mistrzostwa Polski Juniorow do lat 16 - Dziewczeta"]
[Site "Szklarska Poreba"]
[Date "1899-12-30"]
[Round "7.2"]
[White "Jarocka, Liwia"]
[Black "Budkiewicz, Magdalena"]
[Result "1-0"]
[WhiteTitle "FM"]
[BlackTitle "I++"]
[WhiteElo "2106"]
[BlackElo "1619"]

1. e4 c5 2. Nf3 e6 3. g3 Nc6 4. Bg2 g6 5. O-O Bg7 6. Qe2 Nge7 7. c3 O-O 8. Rd1
d5 9. d3 Qa5 10. Nbd2 Qc7 11. Nb3 Na5 12. Nxa5 Qxa5 13. e5 b5 14. Bd2 Qc7 15.
d4 c4 16. h4 a5 17. h5 Nc6 18. Nh2 b4 19. Ng4 a4 20. Qf3 Qe7 21. Nf6+ Kh8 22.
Qf4 Rd8 23. Qh4 Bxf6 24. exf6 Qf8 25. cxb4 Rb8 26. a3 Kg8 27. Bg5 Rd7 28. Bh3
Rdb7 29. Bg2 Rd7 30. Rac1 Ba6 31. Rc3 Re8 32. Re3 Bc8 33. Rde1 Nd8 34. Bf4 Nc6
35. Bg5 Nd8 36. Bf3 Rd6 37. Bd1 Ra6 38. Qf4 Nb7 39. Bc2 Ra7 40. Bh6 Qd6 41. hxg6
hxg6 42. Qh4 1-0

[Event "Indywidualne Mistrzostwa Polski Juniorow do lat 16 - Dziewczeta"]
[Site "Szklarska Poreba"]
[Date "1899-12-30"]
[Round "7.3"]
[White "Marcinczyk, Monika"]
[Black "Harazinska, Magdalena"]
[Result "1/2-1/2"]
[WhiteTitle "WCM"]
[BlackTitle "WFM"]
[WhiteElo "1928"]
[BlackElo "2011"]

1. e4 c5 2. Nf3 Nc6 3. d4 cxd4 4. Nxd4 Nf6 5. Nc3 d6 6. Be2 e6 7. O-O Be7 8. Be3
O-O 9. f4 a6 10. Qe1 Nxd4 11. Bxd4 b5 12. a3 Bb7 13. Qg3 g6 14. Bd3 Nh5 15. Qe3
Rc8 16. Kh1 e5 17. fxe5 dxe5 18. Bxe5 Bc5 19. Qh3 Qg5 20. Bg3 Nxg3+ 21. Qxg3 Qxg3
22. hxg3 Bd4 23. Nd1 Rfe8 24. c3 Bb6 25. Nf2 Bxf2 26. Rxf2 Bxe4 27. Bxe4 Rxe4
28. Rd1 Rce8 29. Rd6 R8e6 30. Rf6 Rxf6 31. Rxf6 Re2 32. Rxa6 Rxb2 33. a4 bxa4
34. Rxa4 Rc2 35. Ra8+ Kg7 36. Rc8 Rc1+ 37. Kh2 h5 38. Rc6 g5 39. Rc4 Kg6 40. Rc8
f6 41. Rc5 Re1 42. Rc8 Kf5 43. c4 Rc1 44. c5 Kg4 45. c6 f5 46. c7 Rc3 47. Ra8
Rxc7 48. Ra4+ f4 49. gxf4 gxf4 50. Ra8 Rg7 51. Rh8 Rg5 52. Rf8 Rf5 53. Rg8+ Kh4
54. Rg7 Rg5 55. Rf7 Kg4 56. Rf8 h4 57. Rh8 Rg7 58. Rh6 Rf7 59. Rh8 f3 60. gxf3+
Rxf3 61. Rg8+ 1/2-1/2

[Event "Indywidualne Mistrzostwa Polski Juniorow do lat 16 - Dziewczeta"]
[Site "Szklarska Poreba"]
[Date "1899-12-30"]
[Round "7.4"]
[White "Furtak, Joanna"]
[Black "Adamczyk, Zuzanna"]
[Result "1-0"]
[WhiteTitle "k"]
[BlackTitle "I++"]
[WhiteElo "1803"]
[BlackElo "1850"]

1. e4 c5 2. Nf3 e6 3. d4 cxd4 4. Nxd4 Nc6 5. Nc3 Qc7 6. Be3 a6 7. a3 Nf6 8. f4
d5 9. e5 Ne4 10. Qd3 Nxc3 11. Qxc3 Bd7 12. Be2 Rc8 13. Nb3 Nb8 14. Qxc7 Rxc7 15.
c3 b5 16. O-O Be7 17. g4 f6 18. Rf3 Kf7 19. Rh3 g6 20. Rf1 Bc8 21. Bd3 f5 22.
gxf5 gxf5 23. Be2 Nd7 24. Bh5+ Kf8 25. Kh1 Nc5 26. Nd4 Ne4 27. Bf3 Bc5 28. Rg1
Rg8 29. Rxg8+ Kxg8 30. Bxe4 dxe4 31. Rh6 Bxd4 32. Bxd4 Kg7 33. Rf6 Rf7 34. Kg2
Rxf6 35. exf6+ Kg6 36. b3 Bb7 37. c4 Bc6 38. Kf2 Be8 39. Ke3 Bc6 40. Be5 bxc4
41. bxc4 Be8 42. Kd4 Ba4 43. Kc5 Bb3 44. Kb4 Ba2 45. c5 e3 46. c6 e2 47. Bc3 Bd5
48. Kc5 e1=Q 49. Bxe1 Kxf6 50. Kd6 Kf7 51. c7 Bb7 52. Kd7 h5 53. c8=Q Bxc8+ 54.
Kxc8 e5 55. fxe5 Ke6 56. Bg3 f4 57. Bxf4 h4 58. Bg5 Kxe5 59. Bxh4 Kd5 60. Kb7
1-0

[Event "Indywidualne Mistrzostwa Polski Juniorow do lat 16 - Dziewczeta"]
[Site "Szklarska Poreba"]
[Date "1899-12-30"]
[Round "7.5"]
[White "Dylag, Emilia"]
[Black "Czarnecka, Lidia"]
[Result "1-0"]
[WhiteTitle "k+"]
[BlackTitle "I++"]
[WhiteElo "2071"]
[BlackElo "1700"]

1. d4 Nf6 2. Nf3 d5 3. c4 e6 4. Nc3 Be7 5. cxd5 exd5 6. Bg5 c6 7. Qc2 Bg4 8. Ne5
Bh5 9. e3 Bg6 10. Nxg6 hxg6 11. Bd3 Nbd7 12. a3 a5 13. Rc1 Rc8 14. h3 Nf8 15.
Qb3 b5 16. Qc2 b4 17. axb4 axb4 18. Ne2 Qa5 19. O-O Ne6 20. Bxf6 Bxf6 21. Ra1
Qc7 22. Rfc1 O-O 23. Ba6 Rb8 24. Qxc6 Qd8 25. Bd3 Rb6 26. Qc2 Qd6 27. Qb3 Bd8
28. Ra8 Bc7 29. Rxf8+ Kxf8 30. f4 Ke7 31. Ra1 Rb8 32. Ra6 Qd7 33. Kf2 Rb7 34.
Ng1 Nd8 35. Nf3 Nc6 36. Qc2 Nb8 37. Ra1 Bd6 38. Qb3 Bc7 39. Rc1 1-0

[Event "Indywidualne Mistrzostwa Polski Juniorow do lat 16 - Dziewczeta"]
[Site "Szklarska Poreba"]
[Date "1899-12-30"]
[Round "7.6"]
[White "Vanduyfhuys, Daria"]
[Black "Sawa, Daria"]
[Result "1-0"]
[WhiteTitle "WCM"]
[BlackTitle "I"]
[WhiteElo "2059"]
[BlackElo "1589"]

1. d4 Nf6 2. c4 c5 3. d5 b5 4. Qc2 bxc4 5. e4 d6 6. Bxc4 g6 7. Nf3 Bg7 8. O-O O-O
9. Nc3 Nfd7 10. Re1 Nb6 11. Bd3 Na6 12. a3 Nc7 13. Be3 Bg4 14. Nd2 e5 15. Nc4
Nxc4 16. Bxc4 a6 17. b4 cxb4 18. axb4 Qb8 19. Qd3 Bd7 20. Reb1 Qb7 21. Na4 f5
22. f3 Bxa4 23. Rxa4 f4 24. Bf2 Nb5 25. Bxb5 axb5 26. Ra5 Rfb8 27. Rba1 Rxa5 28.
bxa5 Qa6 29. Kf1 Bf6 30. Be1 Rc8 31. Rb1 Rc4 32. Qb3 Rc5 33. Kg1 Bd8 34. Qb4 Qc8
35. h3 Qa6 36. Kh2 Kf7 37. Qa3 Ke7 38. Qd3 Rc4 39. Qb3 Rc5 40. Bf2 Rc8 41. Bh4+
Kd7 42. Bxd8 Kxd8 43. Qxb5 Qxb5 44. Rxb5 Kc7 45. h4 h5 46. g3 Rb8 47. Rxb8 Kxb8
48. gxf4 exf4 49. a6 Ka7 50. e5 1-0

[Event "Indywidualne Mistrzostwa Polski Juniorow do lat 16 - Dziewczeta"]
[Site "Szklarska Poreba"]
[Date "1899-12-30"]
[Round "7.7"]
[White "Czarniecka, Aleksandra"]
[Black "Pawlak, Emilia"]
[Result "0-1"]
[WhiteTitle "k"]
[BlackTitle "I"]
[WhiteElo "2023"]
[BlackElo "1595"]

1. e4 c5 2. Nf3 d6 3. d4 cxd4 4. Nxd4 Nf6 5. Nc3 a6 6. Be2 e5 7. Nb3 Be7 8. O-O
O-O 9. Re1 Be6 10. Bf3 Nbd7 11. a4 Qb8 12. Nd2 Rc8 13. Nf1 Bd8 14. Nd5 Bxd5 15.
exd5 h6 16. c3 Nb6 17. Ne3 a5 18. Bg4 Rc5 19. b4 Rxc3 20. Bd2 Rc7 21. bxa5 Nbxd5
22. Nxd5 Nxd5 23. Bf3 Nc3 24. Qb3 Qc8 25. Rac1 e4 26. Bxc3 exf3 27. Re8+ Kh7 28.
gxf3 Qf5 29. Rce1 Rac8 30. Bd4 Rc1 31. Qxb7 R8c7 32. Qa8 Rc8 33. Qb7 R8c7 34.
Qb3 Rc8 35. a6 Ba5 36. Rxc1 Qg5+ 37. Kf1 Rxc1+ 38. Ke2 Qd2# 0-1

[Event "Indywidualne Mistrzostwa Polski Juniorow do lat 16 - Dziewczeta"]
[Site "Szklarska Poreba"]
[Date "1899-12-30"]
[Round "7.8"]
[White "Zarebska, Lena"]
[Black "Kroliczek, Gabriela"]
[Result "1-0"]
[WhiteTitle "I++"]
[BlackTitle "I++"]
[WhiteElo "1783"]
[BlackElo "1588"]

1. e4 e6 2. d4 d5 3. exd5 exd5 4. Bd3 Bd6 5. Nf3 Ne7 6. O-O c5 7. c3 Nbc6 8. Re1
O-O 9. Be3 cxd4 10. Nxd4 Nxd4 11. Bxd4 Nf5 12. Be5 Bxe5 13. Rxe5 Qf6 14. Qe2 Be6
15. Nd2 Nh4 16. Re1 Ng6 17. Bxg6 Qxg6 18. Nb3 Rad8 19. Nd4 Bc8 20. Re7 h6 21.
Qe5 a6 22. f4 Qb6 23. b3 Qa5 24. Re3 Qxa2 25. h3 Qb1+ 26. Kh2 Qh7 27. f5 h5 28.
f6 g6 29. Qc7 g5 30. Qxd8 Rxd8 31. Re8+ Rxe8 32. Rxe8# 1-0

[Event "Indywidualne Mistrzostwa Polski Juniorow do lat 16 - Dziewczeta"]
[Site "Szklarska Poreba"]
[Date "1899-12-30"]
[Round "7.9"]
[White "Mirowska, Oliwia"]
[Black "Pisarek, Elzbieta"]
[Result "0-1"]
[WhiteTitle "I++"]
[BlackTitle "I"]
[WhiteElo "1762"]
[BlackElo "1567"]

1. f4 d5 2. Nf3 g6 3. g3 Bg7 4. Bg2 Nh6 5. e3 O-O 6. O-O b6 7. d3 Bb7 8. Qe1 c5
9. c3 Nc6 10. e4 dxe4 11. dxe4 Ba6 12. Rf2 Qc7 13. h3 Rad8 14. Rd2 Rd3 15. Rxd3
Bxd3 16. Na3 Rd8 17. g4 f6 18. Qe3 Ba6 19. Bd2 Nf7 20. Re1 Qd7 21. Qf2 Bh6 22.
Bc1 Qc7 23. Nh4 e5 24. f5 Bxc1 25. fxg6 hxg6 26. Rxc1 Kg7 27. Bf1 Bxf1 28. Rxf1
Qe7 29. Nc4 Ng5 30. Qe3 b5 31. Na3 c4 32. Ng2 Rd3 33. Qe2 Qc5+ 34. Rf2 Nxh3+ 35.
Kf1 Qxf2+ 36. Qxf2 Nxf2 0-1

[Event "Indywidualne Mistrzostwa Polski Juniorow do lat 16 - Dziewczeta"]
[Site "Szklarska Poreba"]
[Date "1899-12-30"]
[Round "7.10"]
[White "Siekanska, Zuzanna"]
[Black "Zniszczol, Wiktoria"]
[Result "1/2-1/2"]
[WhiteTitle "I"]
[BlackTitle "I+"]
[WhiteElo "1517"]
[BlackElo "1642"]

1. d4 Nf6 2. c4 c5 3. d5 b5 4. Qc2 bxc4 5. e4 d6 6. Bxc4 g6 7. Nf3 Bg7 8. O-O O-O
9. Nc3 Ba6 10. Bxa6 Nxa6 11. h3 Nd7 12. Bf4 Nb4 13. Qe2 a5 14. Rfd1 Nb6 15. a3
Na6 16. e5 Re8 17. e6 f5 18. Ng5 c4 19. Nf7 Qc8 20. Qe3 Qc5 21. Qg3 Bf6 22. Be3
Qc7 23. Bd4 Rf8 24. Qf4 Bxd4 25. Rxd4 Rxf7 26. exf7+ Kxf7 27. Ne4 Nc5 28. Ng5+
Kg7 29. Qe3 h6 30. Ne6+ Nxe6 31. Qxe6 Rf8 32. Re1 Rf7 33. Qe3 Qc5 34. Rc1 Nxd5
35. Rdxc4 Qxc4 36. Rxc4 Nxe3 37. fxe3 Rf6 38. Ra4 Re6 39. Rxa5 Rxe3 40. b4 Rb3
41. b5 d5 42. a4 d4 43. Ra7 Kf7 44. Rb7 Ra3 1/2-1/2

[Event "Indywidualne Mistrzostwa Polski Juniorow do lat 16 - Dziewczeta"]
[Site "Szklarska Poreba"]
[Date "1899-12-30"]
[Round "7.11"]
[White "Kudlak, Julia"]
[Black "Roszkiewicz, Anna"]
[Result "0-1"]
[WhiteTitle "I"]
[BlackTitle "I++"]
[WhiteElo "1515"]
[BlackElo "1745"]

1. e4 c5 2. Nf3 d6 3. c3 Nf6 4. Be2 Nc6 5. d4 cxd4 6. cxd4 Qa5+ 7. Nc3 Nxe4 8.
d5 Nxc3 9. bxc3 Nb8 10. Qb3 g6 11. Bb5+ Bd7 12. Bxd7+ Nxd7 13. Qxb7 Qxc3+ 14.
Bd2 Qc8 15. Qb2 Nf6 16. Rc1 Qd7 17. O-O Bg7 18. Bc3 O-O 19. Rfe1 Rab8 20. Qd2
Rb5 21. Bxf6 Bxf6 22. Qd3 Rfb8 23. Re2 Qb7 24. Rd2 Rb1 25. Rcd1 Rxd1+ 26. Rxd1
Qb5 27. Qc2 Qa5 28. Rd2 Qc3 29. Kf1 Qxc2 30. Rxc2 Rb5 31. Rd2 Bc3 32. Rd3 Ba5
33. a3 Bb6 34. Nd2 Rb2 35. Ke2 Ba5 36. Ke3 Bxd2+ 37. Rxd2 Rxd2 38. Kxd2 e6 39.
Ke3 Kf8 40. f4 Ke7 41. Kd4 Kd7 42. g4 Kc7 43. Ke4 Kb6 44. h4 Kc5 45. dxe6 fxe6
46. h5 d5+ 47. Kd3 gxh5 48. gxh5 h6 49. Kc3 d4+ 50. Kc2 Kc4 51. Kd2 d3 52. Kd1
Kd4 53. Kd2 Ke4 54. a4 a5 0-1

[Event "Indywidualne Mistrzostwa Polski Juniorow do lat 16 - Dziewczeta"]
[Site "Szklarska Poreba"]
[Date "1899-12-30"]
[Round "7.12"]
[White "Libura, Julianna"]
[Black "Kaznowska, Weronika"]
[Result "1-0"]
[WhiteTitle "I"]
[BlackTitle "I"]
[WhiteElo "1639"]
[BlackElo "1396"]

1. d4 d5 2. Nf3 Nf6 3. c4 e6 4. g3 dxc4 5. Qa4+ Nc6 6. Qxc4 Bb4+ 7. Bd2 Qd5 8.
Qxd5 exd5 9. a3 Bxd2+ 10. Nbxd2 Ne4 11. Rc1 Bg4 12. Nxe4 Bxf3 13. exf3 dxe4 14.
fxe4 Nxd4 15. Rxc7 b6 16. Kd2 O-O 17. Ke3 Ne6 18. Rc6 Rfe8 19. Bc4 Ng5 20. f3
Rac8 21. Rxc8 Rxc8 22. Bb3 Kf8 23. h4 Ne6 24. Bxe6 fxe6 25. Rd1 Ke7 26. Rd2 g6
27. Kd4 Rd8+ 28. Kc3 Rc8+ 29. Kb4 Rc5 30. Kb3 Rb5+ 31. Kc4 Rc5+ 32. Kd3 Kd6 33.
Rc2 Rxc2 34. Kxc2 Kc5 35. Kc3 a6 36. f4 h5 37. b4+ Kd6 38. Kd4 b5 39. Ke3 Kd7
40. f5 gxf5 41. exf5 exf5 42. Kf4 Ke6 43. Kg5 Ke5 44. Kxh5 f4 45. gxf4+ Kxf4 46.
Kg6 Ke4 47. h5 Kd3 48. h6 Kc3 49. h7 Kb3 50. h8=Q Kxa3 51. Qc3+ Ka4 52. Kf5 a5
53. bxa5 b4 54. Qc5 b3 55. a6 b2 56. Qb6 1-0

[Event "Indywidualne Mistrzostwa Polski Juniorow do lat 16 - Dziewczeta"]
[Site "Szklarska Poreba"]
[Date "1899-12-30"]
[Round "7.14"]
[White "Bednarska, Julita"]
[Black "Dadello, Barbara"]
[Result "1/2-1/2"]
[WhiteTitle "I"]
[BlackTitle "I"]
[WhiteElo "1356"]
[BlackElo "1615"]

1. d4 d5 2. Nc3 Nf6 3. Bg5 e6 4. e4 dxe4 5. Nxe4 Be7 6. Bxf6 Bxf6 7. Nf3 Nd7 8.
Bd3 b6 9. Qd2 Bb7 10. O-O O-O 11. Rfe1 Rc8 12. c3 Be7 13. Rad1 c5 14. Bc2 cxd4
15. Qxd4 Nc5 16. Qxd8 Rfxd8 17. Rxd8+ Rxd8 18. Ned2 g6 19. Nd4 Bf6 20. N2f3 Kg7
21. h3 Rd7 22. Ne5 Rd5 23. Ndf3 Rd8 24. Nd4 Rd5 25. Ndf3 Rd8 26. Nd4 Rd5 27. Ndf3
1/2-1/2

[Event "Indywidualne Mistrzostwa Polski Juniorow do lat 16 - Dziewczeta"]
[Site "Szklarska Poreba"]
[Date "1899-12-30"]
[Round "7.15"]
[White "Giefert, Sara"]
[Black "Mytnik, Kinga"]
[Result "1/2-1/2"]
[WhiteTitle "I"]
[BlackTitle "I"]
[WhiteElo "1497"]
[BlackElo "1570"]

1. e4 d6 2. d4 Nf6 3. Nc3 Nbd7 4. Bg5 e5 5. Nf3 Be7 6. Bc4 c6 7. Bb3 b5 8. dxe5
dxe5 9. Bxf6 Bxf6 10. Nxb5 Qa5+ 11. Nc3 Nc5 12. O-O Be6 13. Qe2 O-O 14. Rad1 Rad8
15. Rxd8 Rxd8 16. Rd1 Nxb3 17. axb3 Bg4 18. h3 Rxd1+ 19. Qxd1 Bxf3 20. Qxf3 Qa1+
21. Nd1 Qa5 22. Qc3 Qa1 23. Qd3 Qa5 24. Kf1 Bg5 25. Ke2 h6 26. Qc3 Qb5+ 27. Qc4
Qb6 28. Nc3 Qd8 29. Qd3 Qb6 30. Na4 Qb4 31. c4 Qe7 32. Qc3 Qd6 33. b4 Be7 34.
c5 Qb8 35. b3 Kf8 36. Nb2 Bf6 37. Nc4 Qb5 38. Ke1 Qb8 39. Nd6 Qc7 40. Qc4 Bd8
41. Qa6 Qb8 42. Qc4 Qc7 43. Kd1 Qd7 44. Kc2 Bc7 45. Nf5 h5 46. Ne3 Bd8 47. Qd3
Qc7 48. Nc4 Be7 49. Na5 Qc8 50. Qd1 g6 51. Qa1 f6 52. Nc4 Qd7 53. Qd1 Qb7 54.
Kc3 Qc7 55. g4 Qc8 56. Qf3 hxg4 57. hxg4 Kg7 58. Ne3 Qc7 59. Qe2 Qd8 60. Nc2 Qc8
1/2-1/2

[Event "Indywidualne Mistrzostwa Polski Juniorow do lat 16 - Dziewczeta"]
[Site "Szklarska Poreba"]
[Date "1899-12-30"]
[Round "7.16"]
[White "Tarka, Aleksandra"]
[Black "Chomicka, Kinga"]
[Result "0-1"]
[WhiteTitle "I++"]
[BlackTitle "I"]
[WhiteElo "1656"]
[BlackElo "1434"]

1. e4 e5 2. Nc3 Nf6 3. Bc4 Bc5 4. d3 Nc6 5. f4 d6 6. f5 Na5 7. Bb3 Nxb3 8. axb3
d5 9. Bg5 dxe4 10. dxe4 Qxd1+ 11. Rxd1 Nd7 12. Nd5 Bd6 13. Nf3 f6 14. Be3 Nb6
15. Bxb6 axb6 16. Nxb6 Bb4+ 17. c3 Bxc3+ 18. bxc3 cxb6 19. O-O Ke7 20. Rd3 Bd7
21. Kf2 Ra2+ 22. Nd2 Bb5 23. c4 Bc6 24. Ke3 b5 25. Rc1 bxc4 26. bxc4 Rha8 27.
g4 Ra1 28. Rxa1 Rxa1 29. Kf3 h6 30. h3 Rh1 31. Kf2 Ra1 32. Kf3 Ba4 33. Kf2 Bd1
34. Nb3 Ra2+ 35. Rd2 Bxb3 36. Rxa2 Bxa2 37. c5 Kd7 38. h4 Kc6 39. g5 hxg5 40.
hxg5 Kxc5 41. Kf3 b5 42. Kg4 b4 43. Kh5 Bf7+ 0-1

[Event "Indywidualne Mistrzostwa Polski Juniorow do lat 16 - Dziewczeta"]
[Site "Szklarska Poreba"]
[Date "1899-12-30"]
[Round "7.17"]
[White "Tomczak, Marta"]
[Black "Wojtas, Julia"]
[Result "1/2-1/2"]
[WhiteTitle "I"]
[BlackTitle "I"]
[WhiteElo "1510"]
[BlackElo "1550"]

1. e4 c5 2. c3 d5 3. exd5 Qxd5 4. d4 cxd4 5. cxd4 Nc6 6. Nf3 Bg4 7. Be2 e5 8. Nc3
Bb4 9. dxe5 Bxf3 10. Bxf3 Qxe5+ 11. Qe2 Qxe2+ 12. Bxe2 Nd4 13. Bd1 O-O-O 14. O-O
Nf6 15. Be3 a6 16. a3 Bxc3 17. bxc3 Nf5 18. Bb6 Rd6 19. Rb1 Ne7 20. Bc5 Re6 21.
Bb3 Ned5 22. Rbd1 Rd8 23. Rd3 b6 24. Bd4 Re2 25. Bxf6 Nxf6 26. Rxd8+ Kxd8 27.
Bxf7 Rc2 28. f3 Rxc3 29. Ra1 Ke7 30. Ba2 Rxa3 31. Re1+ Kd6 32. Bc4 b5 33. Be2
b4 34. g4 b3 35. Rb1 Kc5 36. Bxa6 Kb4 37. Bc8 Kc3 38. Rc1+ Kb2 39. Rc7 g6 40.
Be6 Ra6 41. Bxb3 Kxb3 42. g5 Nd5 43. Rxh7 Kc4 44. Kf2 Kd4 45. Kg3 Ke3 46. Rg7
Nf4 47. Re7+ Re6 48. Rf7 Nh5+ 49. Kg4 Ra6 50. Re7+ Kf2 51. Re4 Ra1 52. Rb4 Rg1+
53. Kh4 Kxf3 54. Rb3+ Ke4 55. Rb4+ Kd5 56. Rb6 Nf4 57. Rf6 Ke5 58. Ra6 Rd1 59.
Kg4 Rd4 60. Ra5+ Rd5 61. Ra4 Nh5 62. Ra6 Rd4+ 63. Kf3 Rf4+ 64. Ke3 Kf5 65. Ra5+
Kg4 66. Ra1 Kxg5 67. Ra5+ Kh4 68. Rxh5+ Kxh5 69. Kxf4 Kh4 70. Kf3 g5 71. Kg2 g4
72. Kf2 Kh3 73. Kg1 g3 74. hxg3 Kxg3 1/2-1/2

[Event "Indywidualne Mistrzostwa Polski Juniorow do lat 16 - Dziewczeta"]
[Site "Szklarska Poreba"]
[Date "1899-12-30"]
[Round "7.18"]
[White "Sloniewska, Alicja"]
[Black "Szczypawka, Aleksandra"]
[Result "1-0"]
[WhiteTitle "I"]
[BlackTitle "I"]
[WhiteElo "1530"]
[BlackElo "1476"]

1. d4 f5 2. c4 Nf6 3. Nc3 g6 4. g3 Bg7 5. Bg2 O-O 6. Nf3 d6 7. O-O c6 8. b3 Qe8
9. Ba3 Na6 10. Qd3 c5 11. e4 Nb4 12. Qe2 fxe4 13. Nxe4 Nxe4 14. Bxb4 Nxg3 15.
hxg3 cxb4 16. Qe3 Rb8 17. Ng5 e5 18. dxe5 Bxe5 19. Qxa7 Bxa1 20. Qxb8 Qe5 21.
Bd5+ Kh8 22. Nf7+ Rxf7 23. Qxc8+ Kg7 24. Bxf7 Kxf7 25. Qxb7+ Kf6 26. Qxh7 Bd4
27. Qh8+ Kf5 28. Qxe5+ dxe5 29. Re1 g5 30. Kg2 e4 31. Rd1 Ke5 32. f4+ exf3+ 33.
Kxf3 Ba7 34. Rd5+ Kf6 35. Rb5 Bd4 36. Rxb4 Kf5 37. g4+ 1-0

[Event "Indywidualne Mistrzostwa Polski Juniorow do lat 16 - Dziewczeta"]
[Site "Szklarska Poreba"]
[Date "1899-12-30"]
[Round "7.19"]
[White "Laszczuk, Zuzanna"]
[Black "Wolagiewicz, Kinga"]
[Result "0-1"]
[WhiteTitle "I"]
[BlackTitle "I"]
[WhiteElo "1277"]
[BlackElo "1643"]

1. Nf3 c6 2. g3 d5 3. Bg2 Nf6 4. d3 Nbd7 5. O-O e6 6. Nbd2 Be7 7. h3 O-O 8. Nh2
e5 9. e4 dxe4 10. dxe4 Nc5 11. f4 Qd4+ 12. Kh1 Nfxe4 13. Nxe4 Nxe4 14. Qxd4 Nxg3+
15. Kg1 exd4 16. Rf3 Nf5 17. Bd2 Bc5 18. Kh1 Re8 19. Rd3 Nh4 20. Re1 Bf5 21. Rb3
Nxg2 22. Kxg2 b6 23. Ng4 Bxc2 24. Rg3 Rxe1 25. Bxe1 Kf8 26. Ne5 f6 27. Nd7+ Kf7
28. Nxc5 bxc5 29. Ra3 Be4+ 30. Kf2 c4 31. Ra4 Bd5 32. Bb4 d3 33. Ke3 Kg6 34. Bc3
Kf5 35. b3 Re8+ 36. Kd2 Re2+ 37. Kc1 Rc2+ 38. Kd1 Rxc3 39. bxc4 Rxc4 40. Rxa7
Rc2 41. Rd7 Rxa2 42. h4 d2 43. Rd6 Bf3# 0-1

[Event "Indywidualne Mistrzostwa Polski Juniorow do lat 16 - Dziewczeta"]
[Site "Szklarska Poreba"]
[Date "1899-12-30"]
[Round "7.20"]
[White "Trzaskowska, Hanna"]
[Black "Matyjasek, Michalina"]
[Result "1/2-1/2"]
[WhiteTitle "I"]
[BlackTitle "I"]
[WhiteElo "1607"]
[BlackElo "1342"]

1. e4 c5 2. Nf3 Nc6 3. d4 cxd4 4. Nxd4 g6 5. c4 Nf6 6. Nc3 d6 7. Nc2 Bg7 8. Be2
O-O 9. O-O a5 10. Be3 a4 11. Qc1 Ng4 12. Bd2 Be6 13. h3 Nge5 14. b3 axb3 15. axb3
Rxa1 16. Nxa1 Nd4 17. Bh6 Qb6 18. Bxg7 Kxg7 19. Qe3 Nxe2+ 20. Qxe2 Ra8 21. Rb1
Kg8 22. Nc2 Qa5 23. Ra1 Qd8 24. Qd1 Rxa1 25. Qxa1 Qb6 26. Qa3 Nd3 27. Ne3 Nc5
28. b4 Nd3 29. Ncd5 Bxd5 30. Qxd3 Be6 31. b5 Qa5 1/2-1/2

[Event "Indywidualne Mistrzostwa Polski Juniorow do lat 16 - Dziewczeta"]
[Site "Szklarska Poreba"]
[Date "1899-12-30"]
[Round "7.21"]
[White "Bienko, Jagoda"]
[Black "Kot, Ewelina"]
[Result "1-0"]
[WhiteTitle "I"]
[BlackTitle "II+"]
[WhiteElo "1451"]
[BlackElo "1201"]

1. d4 d5 2. c4 c6 3. Nf3 Nf6 4. Qc2 e6 5. g3 Bb4+ 6. Bd2 Qb6 7. c5 Bxd2+ 8. Nbxd2
Qc7 9. Bg2 Nbd7 10. O-O O-O 11. e4 e5 12. Rfe1 exd4 13. Nxd4 dxe4 14. Nxe4 Re8
15. Nd6 Rf8 16. N4f5 Kh8 17. Ne7 Qa5 18. Nexc8 Raxc8 19. Nxc8 Rxc8 20. Bh3 Rf8
21. Bxd7 Nxd7 22. Rad1 Nxc5 23. b3 Ne6 24. Re3 Qc7 25. Qf5 Qe7 26. Qe5 Qa3 27.
Qd6 Qxd6 28. Rxd6 Kg8 29. Rd7 Rb8 30. f4 g6 31. Re5 a6 32. f5 Nf8 33. Rd2 b5 34.
fxg6 hxg6 35. Rc5 Rc8 36. Rdc2 Ne6 37. Rxc6 Ra8 38. Rd6 Nd8 39. Rcd2 Ne6 40. Kg2
Kg7 41. Rd7 Kf8 42. Rf2 Nd8 43. Rd6 Kg8 44. Rd7 Kg7 45. h4 Kg8 46. Re7 Kf8 47.
Re5 Kg7 48. Re8 f5 49. Rd2 Kf7 50. Rexd8 Rxd8 51. Rxd8 1-0

[Event "Indywidualne Mistrzostwa Polski Juniorow do lat 16 - Dziewczeta"]
[Site "Szklarska Poreba"]
[Date "1899-12-30"]
[Round "7.22"]
[White "Zablocka, Marta"]
[Black "Zygmunt, Patrycja"]
[Result "0-1"]
[WhiteTitle "I"]
[BlackTitle "I"]
[WhiteElo "1211"]
[BlackElo "1338"]

1. e4 e5 2. Nf3 Nc6 3. d4 exd4 4. Nxd4 Nf6 5. Nc3 Bb4 6. Nxc6 bxc6 7. Bd3 d6 8.
O-O O-O 9. Bg5 h6 10. Bh4 g5 11. Bg3 Bxc3 12. bxc3 Rb8 13. f4 Bg4 14. Qd2 Nh5
15. Qe3 Qf6 16. f5 Qxc3 17. h3 Nxg3 18. Qxg3 Be2 19. Rfc1 c5 20. h4 c4 21. hxg5
Qd4+ 22. Kh1 cxd3 23. c3 Qg7 24. Qe3 Qxg5 25. Qd4 d2 26. Rc2 d1=Q+ 27. Rxd1 Bxd1
28. Qxd1 Qh4+ 29. Kg1 Qxe4 30. f6 Kh7 0-1

[Event "Indywidualne Mistrzostwa Polski Juniorow do lat 16 - Dziewczeta"]
[Site "Szklarska Poreba"]
[Date "1899-12-30"]
[Round "7.23"]
[White "Drob, Julia"]
[Black "Wysocka, Edyta"]
[Result "1/2-1/2"]
[WhiteTitle "I"]
[BlackTitle "I"]
[WhiteElo "1336"]
[BlackElo "1393"]

1. d4 d5 2. Bf4 Nf6 3. Nf3 e6 4. e3 Be7 5. Nbd2 O-O 6. Bd3 b6 7. c3 Bb7 8. Ne5
Nbd7 9. Bg3 h6 10. f4 Nxe5 11. fxe5 Nd7 12. O-O a5 13. Rf2 Ba6 14. c4 Bb4 15.
b3 c5 16. Qc2 Rc8 17. Rc1 b5 18. Nf3 bxc4 19. bxc4 Ba3 20. Rcf1 cxd4 21. exd4
Bxc4 22. Bxc4 Rxc4 23. Qd3 Bb4 24. h3 Qc7 25. Bf4 Nb6 26. Kh1 Rc3 27. Qd1 Rc8
28. Nh2 Rc2 29. Rf3 Rc3 30. R3f2 Rc2 31. Rf3 Rc3 32. R3f2 Rc2 1/2-1/2

[Event "Indywidualne Mistrzostwa Polski Juniorow do lat 16 - Dziewczeta"]
[Site "Szklarska Poreba"]
[Date "1899-12-30"]
[Round "7.24"]
[White "Szewczyk, Malwina"]
[Black "Zygmunt, Magdalena"]
[Result "1/2-1/2"]
[WhiteTitle "I"]
[BlackTitle "I"]
[WhiteElo "1413"]
[BlackElo "1206"]

1. e4 e5 2. Nf3 Nc6 3. Bc4 Bc5 4. b4 Bxb4 5. c3 Ba5 6. d4 exd4 7. O-O h6 8. cxd4
d6 9. Qb3 Qe7 10. Nc3 Bxc3 11. Qxc3 Bg4 12. d5 Ne5 13. Nxe5 Qxe5 14. Qxe5+ dxe5
15. Bb2 f6 16. f4 exf4 17. Rxf4 Bd7 18. Re1 O-O-O 19. e5 fxe5 20. Rxe5 Nf6 21.
Re2 Rhf8 22. Re7 b5 23. Bb3 a5 24. Rxg7 Nh5 25. Rxf8 Rxf8 26. Rh7 Nf4 27. h3 a4
28. Bd1 Nxd5 29. Rxh6 Ne3 30. Bf3 Nc4 31. Bg7 Re8 32. Rh8 Rxh8 33. Bxh8 Be6 34.
Bf6 Kd7 35. h4 c5 36. h5 b4 37. Ba1 Nd2 38. h6 Nxf3+ 39. gxf3 Bf5 40. Kf2 Kd6
41. Ke3 Kd5 42. Kd2 c4 43. Bb2 c3+ 44. Bxc3 bxc3+ 45. Kxc3 Kc5 46. a3 Bh7 47.
f4 Bf5 48. Kb2 Kc4 49. Ka2 Kc3 50. Ka1 Kb3 51. h7 Bxh7 52. f5 Bg8 53. f6 Kxa3
54. Kb1 Bh7+ 55. Ka1 Bg8 56. Kb1 Bb3 57. Ka1 Kb4 1/2-1/2